| 000 | 00576nam a2200181 4500 | ||
|---|---|---|---|
| 008 | 170519b xxu||||| |||| 00| 0 eng d | ||
| 020 | _a0-8087-1755-3 | ||
| 082 |
_21998 _aDC 345 _bH92 |
||
| 100 |
_920936 _aHunt, Derald D |
||
| 245 |
_aCalifornia criminal law concepts/ _cDerald D. Hunt, Devallis Rutledge. |
||
| 250 | _aTwelfth Edition | ||
| 260 |
_aUSA: _bBurgess International Group, Inc., _c©1998. |
||
| 300 |
_ax, 269 pages; _c28 cm. |
||
| 500 | _aIncludes index. | ||
| 650 | 0 |
_920937 _aCriminal law _zCalifornia |
|
| 700 |
_920938 _aRutledge, Devallis |
||
| 942 |
_2ddc _cDC |
||
| 999 |
_c6913 _d6913 |
||